[Event "Pyramiden Franken Cup"]
[Site "Fuerth"]
[Date "2016.09.01"]
[Round "1"]
[White "Milov, Leonid"]
[Black "Thesing, Ansgar"]
[Result "1-0"]
[WhiteElo "2416"]
[BlackElo "1983"]
[PlyCount "94"]
[EventDate "2016.09.01"]
[EventType "swiss"]
[EventRounds "7"]
[EventCountry "GER"]
[SourceTitle "CBM 174 Extra"]
[Source "ChessBase"]
[SourceDate "2016.10.10"]
[SourceVersion "1"]
[SourceVersionDate "2016.10.10"]
[SourceQuality "1"]

1. e4 c5 2. Nf3 d6 3. d4 cxd4 4. Nxd4 Nf6 5. Nc3 a6 6. Bg5 Nbd7 7. Qe2 b5 8. f4 Qc7 9. g4 e6 10. Bg2 Bb7 11. 0-0-0 Be7 12. Rhe1 0-0 13. Bxf6 Bxf6 14. g5 Bxd4 15. Rxd4 e5 16. fxe5 dxe5 17. Rd3 Nc5 18. Rh3 Ne6 19. Qh5 h6 20. gxh6 Nf4 21. Qg5 f6 22. Qxg7+ Qxg7 23. hxg7 Kxg7 24. Rg3+ Kf7 25. Bf3 Rh8 26. Rd1 Rad8 27. Rdg1 Rhg8 28. Rxg8 Rxg8 29. Rxg8 Kxg8 30. Kd2 Ne6 31. Ke3 Nd4 32. Bd1 Kf7 33. Ne2 Ne6 34. Ng3 Nc5 35. c3 a5 36. b4 axb4 37. cxb4 Ne6 38. a4 bxa4 39. Bxa4 Nd4 40. Nf5 Nxf5+ 41. exf5 Kg7 42. Bc2 Kh6 43. b5 Kg5 44. Be4 Bc8 45. b6 Kg4 46. h4 Ba6 47. h5 Bb7 1-0

[Event "Arber op 5th"]
[Site "Bodenmais"]
[Date "2016.08.02"]
[Round "4"]
[White "Herbold, Manfred"]
[Black "Thesing, Ansgar"]
[Result "0-1"]
[WhiteElo "2143"]
[BlackElo "2009"]
[PlyCount "106"]
[EventDate "2016.07.30"]
[EventType "swiss"]
[EventRounds "9"]
[EventCountry "GER"]
[SourceTitle "CBM 173 Extra"]
[Source "ChessBase"]
[SourceDate "2016.08.29"]
[SourceVersion "1"]
[SourceVersionDate "2016.08.29"]
[SourceQuality "1"]

1. e4 e6 2. d4 d5 3. Nc3 Bb4 4. a3 Bxc3+ 5. bxc3 dxe4 6. f3 exf3 7. Nxf3 c5 8. Bd3 Nc6 9. Rb1 Nf6 10. 0-0 cxd4 11. cxd4 Nxd4 12. Bb2 Nxf3+ 13. Qxf3 Qd5 14. Qe2 Bd7 15. Rf5 Qd6 16. Be5 Qc5+ 17. Kh1 Qe7 18. Rg5 Bc6 19. Rxg7 Nd7 20. Bg3 Qf6 21. Qg4 Ne5 22. Bxe5 Qxe5 23. Bxh7 0-0-0 24. Rxf7 Rd2 25. Rg1 Rxg2 26. Qxg2 Bxg2+ 27. Rxg2 Rd8 28. Bd3 Rd7 29. Rf8+ Kc7 30. Rfg8 Qa1+ 31. Rg1 Qxa3 32. R1g4 Qc1+ 33. Kg2 Qd2+ 34. Kg1 Qe3+ 35. Kg2 Rf7 36. R8g7 Qf2+ 37. Kh3 Qf3+ 38. Rg3 Qh5+ 39. Kg2 Qd5+ 40. Kh3 Rxg7 41. Rxg7+ Kd6 42. Rg4 Qf3+ 43. Kh4 Qf2+ 44. Kh3 a5 45. Rg2 Qc5 46. Rg4 b5 47. Kg2 Qh5 48. Kg3 Qe5+ 49. Kg2 a4 50. h4 a3 51. Rg5 Qxg5+ 52. hxg5 a2 53. Bxb5 a1Q 0-1

[Event "Berlin Kreuzberg op"]
[Site "Berlin"]
[Date "2016.07.23"]
[Round "8"]
[White "Thesing, Ansgar"]
[Black "Dathe, Frederick"]
[Result "1/2-1/2"]
[WhiteElo "2009"]
[BlackElo "1866"]
[PlyCount "86"]
[EventDate "2016.07.16"]
[EventType "swiss"]
[EventRounds "9"]
[EventCountry "GER"]
[SourceTitle "CBM 173 Extra"]
[Source "ChessBase"]
[SourceDate "2016.08.29"]
[SourceVersion "1"]
[SourceVersionDate "2016.08.29"]
[SourceQuality "1"]

1. e4 g6 2. Nc3 Bg7 3. f4 d6 4. Nf3 c5 5. Bb5+ Bd7 6. Bxd7+ Qxd7 7. 0-0 Nc6 8. d3 Nf6 9. h3 0-0 10. Be3 Rab8 11. Qd2 b5 12. f5 e6 13. fxg6 fxg6 14. e5 Nd5 15. Nxd5 exd5 16. exd6 Qxd6 17. Qf2 Nd4 18. Kh1 Nxf3 19. gxf3 d4 20. Bd2 Qd5 21. Kg2 Rbe8 22. b3 c4 23. Rae1 c3 24. Bc1 b4 25. a4 a5 26. Rxe8 Rxe8 27. Re1 Re5 28. Re4 Rh5 29. Qg3 Qd8 30. Qg4 Rf5 31. Re6 Qd5 32. Qe4 Re5 33. Qxd5 Rxd5 34. Bf4 Kf7 35. Rd6 Rf5 36. Rd7+ Kg8 37. Kg3 Be5 38. Bxe5 Rxe5 39. Kf2 Rh5 40. Rxd4 Rxh3 41. Kg2 Rh5 42. Rd7 Re5 43. Kf2 Rh5 1/2-1/2

[Event "Kiel op 28th"]
[Site "Kiel"]
[Date "2015.07.28"]
[Round "6"]
[White "Thesing, Ansgar"]
[Black "Sommer, Stefan"]
[Result "1/2-1/2"]
[WhiteElo "1916"]
[BlackElo "1729"]
[PlyCount "41"]
[EventDate "2015.07.25"]
[EventType "swiss"]
[EventRounds "9"]
[EventCountry "GER"]
[SourceTitle "CBM 167 Extra"]
[Source "ChessBase"]
[SourceDate "2015.09.14"]
[SourceVersion "1"]
[SourceVersionDate "2015.09.14"]
[SourceQuality "1"]

1. e4 e5 2. Nc3 Nf6 3. g3 Bc5 4. Bg2 0-0 5. d3 d6 6. Na4 Bb4+ 7. c3 Ba5 8. b4 Bb6 9. Ne2 Nc6 10. 0-0 Ne7 11. Nxb6 axb6 12. d4 Be6 13. Qd3 Rxa2 14. Rxa2 Bxa2 15. c4 b5 16. cxb5 exd4 17. Bb2 d5 18. exd5 Bxd5 19. Bxd5 Nexd5 20. Qxd4 Qd7 21. Qc5 1/2-1/2

[Event "Kiel op 28th"]
[Site "Kiel"]
[Date "2015.07.27"]
[Round "5"]
[White "Pluska, Alexander"]
[Black "Thesing, Ansgar"]
[Result "1-0"]
[WhiteElo "2030"]
[BlackElo "1916"]
[PlyCount "120"]
[EventDate "2015.07.25"]
[EventType "swiss"]
[EventRounds "9"]
[EventCountry "GER"]
[SourceTitle "CBM 167 Extra"]
[Source "ChessBase"]
[SourceDate "2015.09.14"]
[SourceVersion "1"]
[SourceVersionDate "2015.09.14"]
[SourceQuality "1"]

1. d4 Nf6 2. c4 d6 3. Nc3 g6 4. e4 Bg7 5. h3 0-0 6. Bg5 h6 7. Be3 e5 8. Nf3 Nc6 9. d5 Ne7 10. Be2 Nd7 11. g4 a5 12. Qd2 Kh7 13. 0-0-0 b6 14. Nh2 Nc5 15. g5 Ng8 16. Rdg1 Qe8 17. Rg3 hxg5 18. Nf3 Bh6 19. h4 g4 20. Ng5+ Kg7 21. Bxg4 Bxg4 22. Rxg4 Qd7 23. Rhg1 Rfe8 24. h5 Bxg5 25. Bxg5 Ne7 26. Bxe7 Qxe7 27. hxg6 f6 28. Rh4 Rh8 29. Rgh1 Rxh4 30. Rxh4 Rh8 31. Rxh8 Kxh8 32. Qh6+ Kg8 33. f3 Nd3+ 34. Kb1 Qg7 35. Qxg7+ Kxg7 36. Nb5 Ne1 37. Nxc7 Nxf3 38. Ne8+ Kxg6 39. Nxd6 Kg5 40. Kc2 Kf4 41. Kd3 Ne1+ 42. Ke2 Nc2 43. Kd2 Nb4 44. a3 Na6 45. b3 Nc5 46. b4 axb4 47. axb4 Nd7 48. Kd3 Kf3 49. Nf5 Kf4 50. Ne3 Kf3 51. Nf1 Kg2 52. Nd2 Kf2 53. Nb3 Kf3 54. c5 bxc5 55. Nxc5 Nb6 56. d6 f5 57. d7 fxe4+ 58. Kc2 Nxd7 59. Nxd7 e3 60. Nxe5+ Ke4 1-0

[Event "Kiel op 28th"]
[Site "Kiel"]
[Date "2015.07.26"]
[Round "4"]
[White "Thesing, Ansgar"]
[Black "Goetz, Dirk"]
[Result "1-0"]
[WhiteElo "1916"]
[BlackElo "1798"]
[PlyCount "65"]
[EventDate "2015.07.25"]
[EventType "swiss"]
[EventRounds "9"]
[EventCountry "GER"]
[SourceTitle "CBM 167 Extra"]
[Source "ChessBase"]
[SourceDate "2015.09.14"]
[SourceVersion "1"]
[SourceVersionDate "2015.09.14"]
[SourceQuality "1"]

1. e4 e6 2. d4 d5 3. Nc3 Nf6 4. e5 Nfd7 5. f4 c5 6. Nf3 Nc6 7. Be3 cxd4 8. Nxd4 a6 9. Qd2 Be7 10. Be2 Nxd4 11. Bxd4 Bc5 12. Rd1 Bxd4 13. Qxd4 0-0 14. Bd3 Qb6 15. Qxb6 Nxb6 16. 0-0 Nd7 17. Rf3 Nc5 18. Ne2 b5 19. Nd4 Bb7 20. f5 Rae8 21. f6 gxf6 22. exf6 Nxd3 23. Rdxd3 Kh8 24. Rh3 e5 25. Rh6 Bc8 26. Nc6 Bf5 27. Rxd5 Be4 28. Rd6 Rc8 29. Nxe5 Rxc2 30. g4 Rg2+ 31. Kf1 Kg8 32. Rh5 Rc8 33. Rg5+ 1-0

[Event "Kiel op 28th"]
[Site "Kiel"]
[Date "2015.07.25"]
[Round "1"]
[White "Krause, Jonah"]
[Black "Thesing, Ansgar"]
[Result "1-0"]
[WhiteElo "2259"]
[BlackElo "1916"]
[PlyCount "59"]
[EventDate "2015.07.25"]
[EventType "swiss"]
[EventRounds "9"]
[EventCountry "GER"]
[SourceTitle "CBM 167 Extra"]
[Source "ChessBase"]
[SourceDate "2015.09.14"]
[SourceVersion "1"]
[SourceVersionDate "2015.09.14"]
[SourceQuality "1"]

1. d4 Nf6 2. c4 g6 3. Nc3 d6 4. e4 Bg7 5. h3 0-0 6. Bg5 Nbd7 7. Nge2 c5 8. d5 h6 9. Be3 Ne5 10. Ng3 a6 11. f4 Ned7 12. a4 Qb6 13. Qc2 e6 14. dxe6 fxe6 15. Be2 d5 16. cxd5 exd5 17. exd5 Re8 18. Bf2 Qb4 19. 0-0 Qxf4 20. Qxg6 Ne5 21. Qc2 Qg5 22. Ra3 b6 23. Nce4 Qg6 24. Nxf6+ Bxf6 25. Ne4 Bg7 26. Rg3 Ng4 27. Bd3 Bf5 28. Nxc5 Bxd3 29. Nxd3 Ne3 30. Rxe3 1-0

[Event "Kiel op 28th"]
[Site "Kiel"]
[Date "2015.07.25"]
[Round "2"]
[White "Thesing, Ansgar"]
[Black "Kiep, Fabian"]
[Result "1-0"]
[WhiteElo "1916"]
[BlackElo "1703"]
[PlyCount "71"]
[EventDate "2015.07.25"]
[EventType "swiss"]
[EventRounds "9"]
[EventCountry "GER"]
[SourceTitle "CBM 167 Extra"]
[Source "ChessBase"]
[SourceDate "2015.09.14"]
[SourceVersion "1"]
[SourceVersionDate "2015.09.14"]
[SourceQuality "1"]

1. e4 c5 2. Nc3 e6 3. f4 Nc6 4. Nf3 a6 5. a4 d6 6. Bc4 Be7 7. 0-0 Nf6 8. d3 0-0 9. Bb3 b6 10. h3 h6 11. Qe1 Nh7 12. Qg3 Kh8 13. Bd2 Bd7 14. Nd1 Bf6 15. c3 b5 16. axb5 axb5 17. Ne3 Qb6 18. Bc2 b4 19. Nc4 Qc7 20. e5 Be7 21. f5 d5 22. Nd6 exf5 23. Rxa8 Rxa8 24. Bxh6 Bf8 25. Nxf7+ Kg8 26. Bf4 Be6 27. N7g5 Nxg5 28. Nxg5 Nd8 29. Qf3 Qd7 30. Bb3 Ra6 31. Qh5 Be7 32. Qh7+ Kf8 33. Qg6 c4 34. Nh7+ Kg8 35. Bh6 Bf8 36. Nf6+ 1-0

[Event "Berlin Kreuzberg op"]
[Site "Berlin"]
[Date "2015.07.15"]
[Round "5"]
[White "Dimitrijeski, Kristian"]
[Black "Thesing, Ansgar"]
[Result "1/2-1/2"]
[WhiteElo "2179"]
[BlackElo "1916"]
[PlyCount "163"]
[EventDate "2015.07.11"]
[EventType "swiss"]
[EventRounds "9"]
[EventCountry "GER"]
[SourceTitle "CBM 167 Extra"]
[Source "ChessBase"]
[SourceDate "2015.09.14"]
[SourceVersion "1"]
[SourceVersionDate "2015.09.14"]
[SourceQuality "1"]

1. d4 Nf6 2. c4 g6 3. Nc3 d6 4. e4 Bg7 5. Nf3 0-0 6. Be2 e5 7. d5 Nbd7 8. 0-0 a5 9. Bg5 h6 10. Bh4 Nc5 11. Qc2 g5 12. Bg3 Nh5 13. Nd2 Nf4 14. f3 h5 15. Bf2 b6 16. b3 Bh6 17. a3 Bd7 18. Rfb1 Qf6 19. Bf1 g4 20. b4 Nb7 21. fxg4 Bxg4 22. c5 Qg5 23. Nc4 Nh3+ 24. Kh1 Nxf2+ 25. Qxf2 bxc5 26. bxa5 Nxa5 27. Nxa5 Rxa5 28. Rb7 f5 29. exf5 Rxf5 30. Qe1 Qd2 31. Nb5 Qxe1 32. Rxe1 Bd2 33. Rb1 Rf7 34. Bd3 Bf5 35. Bxf5 Rxf5 36. Nxc7 Rf8 37. Rb8 Kh7 38. Ne8 Ra6 39. g4 hxg4 40. Rg1 e4 41. Rxg4 e3 42. Re4 Rf2 43. Rb7+ Kh6 44. Re6+ Kh5 45. Rh7+ Kg4 46. Rg7+ Kf3 47. Rg3+ Ke2 48. Nxd6 Rxa3 49. Nc4 Ra1+ 50. Rg1 Rxg1+ 51. Kxg1 Rf4 52. Ne5 Kd1 53. Kg2 e2 54. Nf3 e1Q 55. Nxe1 Bxe1 56. Rc6 Rf2+ 57. Kg1 Rd2 58. d6 Bf2+ 59. Kf1 Be3 60. h4 Rf2+ 61. Kg1 Rf4+ 62. Kg2 Rxh4 63. Kf3 Kd2 64. d7 Rf4+ 65. Kg3 Rd4 66. Rxc5 Rxd7 67. Rb5 Rf7 68. Rb2+ Kd3 69. Rb3+ Ke4 70. Rb4+ Bd4 71. Kg4 Rg7+ 72. Kh4 Ke5 73. Kh3 Kd5 74. Ra4 Ke4 75. Kh4 Ke3 76. Kh5 Rg8 77. Rb4 Ke4 78. Kh4 Ke3 79. Kh5 Bf6 80. Rg4 Rh8+ 81. Kg6 Kf3 82. Ra4 1/2-1/2

[Event "Rhein Main op-A 18th"]
[Site "Bad Homburg"]
[Date "2015.06.03"]
[Round "1"]
[White "Budzyn, Matthias"]
[Black "Thesing, Ansgar"]
[Result "1-0"]
[WhiteElo "2135"]
[BlackElo "1919"]
[PlyCount "55"]
[EventDate "2015.06.03"]
[EventType "swiss"]
[EventRounds "7"]
[EventCountry "GER"]
[SourceTitle "CBM 167 Extra"]
[Source "ChessBase"]
[SourceDate "2015.09.14"]
[SourceVersion "1"]
[SourceVersionDate "2015.09.14"]
[SourceQuality "1"]

1. e4 c5 2. c3 d5 3. exd5 Qxd5 4. d4 e6 5. Nf3 Nc6 6. Na3 Qd8 7. Nc2 Nf6 8. Be2 Be7 9. 0-0 0-0 10. dxc5 Bxc5 11. Be3 Bd6 12. Ncd4 Nxd4 13. Qxd4 Qc7 14. Rad1 Rd8 15. Qh4 Bd7 16. Bd3 Be7 17. Bxh7+ Nxh7 18. Qxe7 Nf6 19. Ng5 Rf8 20. Qb4 Nh7 21. Nxh7 Kxh7 22. Rd3 Rh8 23. Qe7 Kg6 24. Qg5+ Kh7 25. Bd4 f6 26. Bxf6 Bc6 27. Be5 Qf7 28. Rg3 1-0